Celebrities With "B" Names by Picture - Statistics

General Stats
  • This quiz has been taken 195 times
  • The average score is 9 of 13
Answer Stats
Picture Answer % Correct
Brad Pitt
88%
Bruce Lee
86%
Bruce Willis
84%
Benedict Cumberbatch
80%
Bradley Cooper
80%
Benjamin Franklin
76%
Ben Affleck
75%
Bruce Springsteen
61%
Barbara Streisand
54%
Ben Kingsley
52%
Bryan Cranston
50%
Bryan Adams
34%
Benjamin Netanyahu
33%
No matching quizzes found
Score Distribution
Percent of People with Each Score
Percentile by Number Answered
Your Score History
You have not taken this quiz